000 00330nam a22001457a 4500
003 SGT
082 _a618.2
_bH15C
100 _aCCRH
245 _aHOMOEOPATHIC OF MOTHER AND CHILD CARE(OBSTETRICS)
260 _aDELHI
_bCCRH
_c2015
300 _a270
650 _aHOMOEOPATHIC
653 _aMOTHER , CHILE CARE
942 _2ddc
_cBK
999 _c18206
_d18206